[Event "España tch 1A 2011"]
[Site "Sabadell ESP"]
[Date "2011.09.01"]
[Round "4.2"]
[White "Gonzalez Garcia, Jose"]
[Black "Spraggett, Kevin"]
[Result "1-0"]
[WhiteElo "2522"]
[BlackElo "2573"]
[PlyCount "79"]
[EventDate "2011.08.29"]
[EventType "team"]
[EventRounds "5"]
[EventCountry "ESP"]
[Source "lmi"]
[SourceDate "2011.08.29"]
[WhiteTeam "UNIO GRACIENCA D'ESCACS"]
[BlackTeam "MERIDA PATRIMONIO - AJOBLANCO"]

1. d4 Nf6 2. c4 c5 3. d5 d6 4. Nc3 g6 5. e4 Bg7 6. Bd3 O-O 7. Nf3 e6 8. O-O e5
9. a3 Na6 10. Bg5 h6 11. Bd2 Nh7 12. Qc1 h5 13. Rb1 Qe7 14. Re1 Bd7 15. g3 Bf6
16. Bh6 Bg7 17. Bd2 b6 18. b4 Bg4 19. Nh4 Bf6 20. f3 Bd7 21. Ng2 Ng5 22. Rf1
Nh3+ 23. Kh1 Kh7 24. Qe1 Rh8 25. f4 Kg7 26. Nb5 Rh7 27. Bc3 Kg8 28. fxe5 Bxe5
29. Bxe5 Qxe5 30. Qc3 Qxc3 31. Nxc3 Kf8 32. e5 dxe5 33. Bxg6 Rg7 34. Bf5 Rd8
35. Bxd7 Rxd7 36. b5 Nc7 37. Rbe1 Rg4 38. Re4 Ng5 39. Rxg4 hxg4 40. Ne3 1-0

[Event "España tch 1A 2011"]
[Site "Sabadell ESP"]
[Date "2011.09.01"]
[Round "4.3"]
[White "Llanes Hurtado, Miguel"]
[Black "Vila Gazquez, Xavier"]
[Result "1/2-1/2"]
[WhiteElo "2484"]
[BlackElo "2487"]
[PlyCount "59"]
[EventDate "2011.08.29"]
[EventType "team"]
[EventRounds "5"]
[EventCountry "ESP"]
[Source "lmi"]
[SourceDate "2011.08.29"]
[WhiteTeam "MERIDA PATRIMONIO - AJOBLANCO"]
[BlackTeam "UNIO GRACIENCA D'ESCACS"]

1. d4 Nf6 2. c4 g6 3. g3 Bg7 4. Bg2 d6 5. Nf3 O-O 6. O-O Nbd7 7. Nc3 e5 8. e3
Re8 9. b3 c6 10. a4 e4 11. Ng5 d5 12. cxd5 cxd5 13. f3 h6 14. Nxf7 Kxf7 15.
fxe4 dxe4 16. Bxe4 Rxe4 17. Nxe4 Qe7 18. Qd3 Kg8 19. Nf2 b6 20. e4 Kh7 21. Ba3
Qe6 22. Qc4 Qxc4 23. bxc4 Nxe4 24. Nxe4 Bxd4+ 25. Nf2 Bxa1 26. Rxa1 Ne5 27. c5
Bb7 28. cxb6 axb6 29. Rc1 Rc8 30. Rxc8 1/2-1/2

[Event "España tch 1A 2011"]
[Site "Sabadell ESP"]
[Date "2011.09.01"]
[Round "4.4"]
[White "Fluvia Poyatos, Joan"]
[Black "Zarzo Lopez, Tomas"]
[Result "1-0"]
[WhiteElo "2482"]
[BlackElo "2297"]
[PlyCount "209"]
[EventDate "2011.08.29"]
[EventType "team"]
[EventRounds "5"]
[EventCountry "ESP"]
[Source "lmi"]
[SourceDate "2011.08.29"]
[WhiteTeam "UNIO GRACIENCA D'ESCACS"]
[BlackTeam "MERIDA PATRIMONIO - AJOBLANCO"]

1. e4 c5 2. Nf3 Nc6 3. d4 cxd4 4. Nxd4 g6 5. c4 Bg7 6. Be3 Nf6 7. Nc3 O-O 8.
Be2 d6 9. O-O Bd7 10. Qd2 Nxd4 11. Bxd4 Bc6 12. f3 Nd7 13. Be3 a5 14. b3 Nc5
15. Rab1 Qb6 16. Rfc1 Rfc8 17. Rc2 Qd8 18. a3 h5 19. Bf1 Kh7 20. Kh1 Be5 21. b4
axb4 22. axb4 Na4 23. Nd1 Rcb8 24. Ra2 Nb6 25. Nf2 Be8 26. g4 Rxa2 27. Qxa2
hxg4 28. Nxg4 Bg7 29. Qf2 Nd7 30. Qh4+ Kg8 31. Bh6 Nf6 32. Bxg7 Kxg7 33. Qh6+
Kg8 34. Nxf6+ exf6 35. Qf4 Qe7 36. Rd1 Rd8 37. Qd2 Ba4 38. Ra1 Bd7 39. Qd4 Kf8
40. Rd1 Ba4 41. Rd2 Qe5 42. c5 Qxd4 43. Rxd4 Ke7 44. b5 Bb3 45. Rb4 Bd1 46. c6
Bxf3+ 47. Kg1 Rc8 48. cxb7 Rb8 49. Kf2 Bd1 50. b6 Rxb7 51. Ba6 Rb8 52. b7 Bg4
53. Rc4 Kd8 54. Rc6 Be6 55. Ke3 f5 56. exf5 Bxf5 57. Kd4 Bh3 58. Rxd6+ Ke7 59.
Rc6 Bg2 60. Rc7+ Kf6 61. Kc5 Bxb7 62. Bxb7 Rh8 63. Bd5 Rh7 64. Kd4 Rxh2 65.
Rxf7+ Kg5 66. Be4 Rb2 67. Rf1 Rb6 68. Ke5 Ra6 69. Bd5 Rb6 70. Rg1+ Kh6 71. Ra1
Kg5 72. Ra2 Kh6 73. Be6 Rb1 74. Kf6 Rf1+ 75. Ke7 Kg7 76. Ra8 Rf2 77. Rg8+ Kh6
78. Bf7 Rg2 79. Kf8 Kh5 80. Rh8+ Kg5 81. Bxg6 Kf6 82. Bf7 Rg7 83. Rh6+ Ke5 84.
Ke7 Kf5 85. Rh5+ Ke4 86. Ke6 Kd4 87. Ra5 Rh7 88. Ra4+ Kc5 89. Ke7 Rg7 90. Rc4+
Kb5 91. Rc1 Rh7 92. Ke6 Rh2 93. Kd6 Rh4 94. Kd5 Rg4 95. Rb1+ Rb4 96. Be8+ Ka5
97. Rg1 Rb2 98. Rc1 Kb6 99. Bc6 Rd2+ 100. Ke5 Re2+ 101. Kd6 Rd2+ 102. Bd5 Rb2
103. Rc8 Rd2 104. Rb8+ Ka5 105. Kc5 1-0

[Event "España tch 1A 2011"]
[Site "Sabadell ESP"]
[Date "2011.09.02"]
[Round "5.1"]
[White "Alsina Leal, Daniel"]
[Black "Glud, Jakob Vang"]
[Result "1-0"]
[WhiteElo "2549"]
[BlackElo "2496"]
[PlyCount "69"]
[EventDate "2011.08.29"]
[EventType "team"]
[EventRounds "5"]
[EventCountry "ESP"]
[Source "lmi"]
[SourceDate "2011.08.29"]
[WhiteTeam "UNIO GRACIENCA D'ESCACS"]
[BlackTeam "C.A.  BINISSALEM"]

1. e4 e5 2. Nf3 Nc6 3. Bb5 Nf6 4. O-O Nxe4 5. d4 Nd6 6. dxe5 Nf5 7. Bxc6 dxc6
8. Qxd8+ Kxd8 9. Nc3 Ke8 10. h3 h5 11. b3 a5 12. Bg5 Be6 13. Rad1 Be7 14. Rd3
Rd8 15. Rfd1 Rxd3 16. Rxd3 h4 17. Bxe7 Kxe7 18. Ng5 b6 19. Ne2 a4 20. Nf4 Ra8
21. Nfxe6 fxe6 22. b4 a3 23. g4 hxg3 24. fxg3 Ra4 25. c3 c5 26. bxc5 bxc5 27.
Rf3 Ra6 28. g4 Nh6 29. c4 Ra4 30. Kf2 Rxc4 31. Rxa3 Rd4 32. Ra6 Nf7 33. Nxe6
Rd2+ 34. Ke3 Rh2 35. Nf4 1-0

[Event "España tch 1A 2011"]
[Site "Sabadell ESP"]
[Date "2011.09.02"]
[Round "5.2"]
[White "Fernandez Romero, Ernesto"]
[Black "Gonzalez Garcia, Jose"]
[Result "1/2-1/2"]
[WhiteElo "2479"]
[BlackElo "2522"]
[PlyCount "80"]
[EventDate "2011.08.29"]
[EventType "team"]
[EventRounds "5"]
[EventCountry "ESP"]
[Source "lmi"]
[SourceDate "2011.08.29"]
[WhiteTeam "C.A.  BINISSALEM"]
[BlackTeam "UNIO GRACIENCA D'ESCACS"]

1. e4 e6 2. d4 d5 3. Nc3 Nf6 4. Bg5 dxe4 5. Nxe4 Nbd7 6. Nf3 h6 7. Nxf6+ Nxf6
8. Bxf6 Qxf6 9. Bb5+ c6 10. Bd3 Bd7 11. c3 Bd6 12. Qe2 O-O-O 13. O-O c5 14. Ne5
Kb8 15. f4 cxd4 16. cxd4 Bc7 17. Be4 Bb6 18. Kh1 Bc8 19. a4 Bxd4 20. Qb5 Bxe5
21. fxe5 Qe7 22. Rf4 Qc7 23. Bf3 a6 24. Qb4 Rd7 25. Re1 Qc2 26. h3 Rhd8 27.
Ree4 Qc1+ 28. Kh2 Qc7 29. Re3 Rd3 30. Ree4 a5 31. Qe1 f5 32. Rc4 Qb6 33. b4 Qe3
34. Qxe3 Rxe3 35. Rc5 Rd2 36. bxa5 g5 37. Rfc4 Rxf3 38. Rxc8+ Ka7 39. Re8 Rff2
40. Rcc8 Rxg2+ 1/2-1/2

[Event "España tch 1A 2011"]
[Site "Sabadell ESP"]
[Date "2011.09.02"]
[Round "5.3"]
[White "Fluvia Poyatos, Joan"]
[Black "Mirzoev, Azer"]
[Result "1/2-1/2"]
[WhiteElo "2482"]
[BlackElo "2415"]
[PlyCount "144"]
[EventDate "2011.08.29"]
[EventType "team"]
[EventRounds "5"]
[EventCountry "ESP"]
[Source "lmi"]
[SourceDate "2011.08.29"]
[WhiteTeam "UNIO GRACIENCA D'ESCACS"]
[BlackTeam "C.A.  BINISSALEM"]

1. e4 e5 2. Nf3 Nc6 3. Bb5 a6 4. Ba4 Nf6 5. O-O Be7 6. Re1 b5 7. Bb3 d6 8. c3
O-O 9. h3 a5 10. d4 a4 11. Bc2 Bd7 12. Na3 Qb8 13. Bd3 b4 14. Nc4 bxc3 15. bxc3
exd4 16. cxd4 d5 17. Nce5 Qd8 18. Nxc6 Bxc6 19. e5 Ne4 20. Qc2 Qd7 21. Bd2 Bb7
22. Rab1 c5 23. dxc5 Bxc5 24. Be3 Bxe3 25. Rxe3 h6 26. Nd4 Rfc8 27. Qb2 Ba6 28.
Bxa6 Rxa6 29. Rd1 Raa8 30. Ne2 Rc4 31. Nf4 Ra5 32. Qb8+ Kh7 33. Ne2 Rb5 34. Qa8
Qf5 35. f3 Qg5 36. f4 Qh4 37. Rf3 Rc2 38. Qe8 Rb7 39. Nd4 Rxg2+ 40. Kxg2 Rb2+
41. Kg1 Nd2 42. Rd3 Qxf4 43. R1xd2 Rxd2 44. Rxd2 Qxd2 45. Qxa4 Qe3+ 46. Kg2
Qe4+ 47. Kf2 Qf4+ 48. Ke1 Qxe5+ 49. Ne2 Qa1+ 50. Kd2 g6 51. Qb3 Kg8 52. Qxd5
Qb2+ 53. Kd1 Qa1+ 54. Nc1 h5 55. Kc2 Qf6 56. Nd3 Qf1 57. Ne5 Qf5+ 58. Kb2 g5
59. a4 g4 60. hxg4 hxg4 61. Nd7 Qf2+ 62. Kc3 Qe3+ 63. Qd3 Qe1+ 64. Qd2 Qa1+ 65.
Kb4 Qb1+ 66. Kc3 Qa1+ 67. Kd3 Qa3+ 68. Ke4 Qxa4+ 69. Kf5 Qb5+ 70. Ne5 Qb1+ 71.
Kxg4 Qe4+ 72. Qf4 Qxf4+ 1/2-1/2

[Event "España tch 1A 2011"]
[Site "Sabadell ESP"]
[Date "2011.09.02"]
[Round "5.4"]
[White "Mascaro March, Pedro"]
[Black "Fluvia Poyatos, Jordi"]
[Result "1/2-1/2"]
[WhiteElo "2413"]
[BlackElo "2469"]
[PlyCount "71"]
[EventDate "2011.08.29"]
[EventType "team"]
[EventRounds "5"]
[EventCountry "ESP"]
[Source "lmi"]
[SourceDate "2011.08.29"]
[WhiteTeam "C.A.  BINISSALEM"]
[BlackTeam "UNIO GRACIENCA D'ESCACS"]

1. d4 Nf6 2. c4 g6 3. Nc3 d5 4. Bg5 Ne4 5. Bh4 dxc4 6. e3 Nxc3 7. bxc3 Be6 8.
Nf3 Bg7 9. Be2 O-O 10. O-O c5 11. Rb1 cxd4 12. Nxd4 Bd5 13. Qc2 Qc7 14. Rfd1
Nc6 15. e4 Nxd4 16. cxd4 Qf4 17. exd5 Qxh4 18. g3 Qg5 19. Bxc4 b6 20. Qe4 Rfd8
21. h4 Qf6 22. Rbc1 Bh6 23. f4 Rac8 24. Bb3 Rxc1 25. Rxc1 Bg7 26. Kg2 Kf8 27.
Rc7 a5 28. Bc4 Re8 29. Bb5 Rd8 30. Bc4 Re8 31. Bb5 Rd8 32. Bc4 Qd6 33. Rc6 Qb4
34. d6 exd6 35. Rc7 d5 36. Bxd5 1/2-1/2

[Event "España tch 1A 2011"]
[Site "Sabadell ESP"]
[Date "2011.09.02"]
[Round "5.1"]
[White "Iturrizaga, Eduardo"]
[Black "Gyimesi, Zoltan"]
[Result "0-1"]
[WhiteElo "2603"]
[BlackElo "2646"]
[PlyCount "90"]
[EventDate "2011.08.29"]
[EventType "team"]
[EventRounds "5"]
[EventCountry "ESP"]
[Source "lmi"]
[SourceDate "2011.08.29"]
[WhiteTeam "EQUIGOMA - CASA SOCIAL CATOLICA"]
[BlackTeam "MERIDA PATRIMONIO - AJOBLANCO"]

1. d4 Nf6 2. Nf3 d5 3. c4 e6 4. Nc3 c5 5. e3 cxd4 6. exd4 Bb4 7. cxd5 Nxd5 8.
Bd2 Nc6 9. Bd3 O-O 10. O-O Be7 11. a3 Bf6 12. Be3 Nce7 13. Ne4 b6 14. Rc1 Bb7
15. Bb1 Ng6 16. Qd3 Qe7 17. g3 Rfd8 18. h4 Nf8 19. Bd2 Rac8 20. Rxc8 Rxc8 21.
Ne5 Qc7 22. f4 h6 23. h5 Be7 24. f5 Nf6 25. Nxf6+ Bxf6 26. fxe6 fxe6 27. Bb4
Qd8 28. Bxf8 Kxf8 29. Ba2 Qd6 30. Kh2 Qc7 31. Bb3 Bd5 32. Bxd5 exd5 33. Rf2 Kg8
34. Ng4 Qf7 35. Qf5 Rf8 36. Rf4 Bg5 37. Qxf7+ Rxf7 38. Rxf7 Kxf7 39. b3 Bc1 40.
a4 Ke6 41. Nf2 Be3 42. Kg2 Kf5 43. Nd1 Bxd4 44. Kf3 a5 45. g4+ Ke5 0-1

[Event "España tch 1A 2011"]
[Site "Sabadell ESP"]
[Date "2011.09.02"]
[Round "5.2"]
[White "Spraggett, Kevin"]
[Black "Kovalyov, Anton"]
[Result "1-0"]
[WhiteElo "2573"]
[BlackElo "2612"]
[PlyCount "103"]
[EventDate "2011.08.29"]
[EventType "team"]
[EventRounds "5"]
[EventCountry "ESP"]
[Source "lmi"]
[SourceDate "2011.08.29"]
[WhiteTeam "MERIDA PATRIMONIO - AJOBLANCO"]
[BlackTeam "EQUIGOMA - CASA SOCIAL CATOLICA"]

1. d4 Nf6 2. Nf3 e6 3. c4 b6 4. a3 Ba6 5. Qc2 Bb7 6. Nc3 c5 7. dxc5 bxc5 8. Bf4
Qb6 9. e3 Be7 10. h3 O-O 11. Be2 Rd8 12. O-O Nc6 13. Rfd1 d6 14. Rab1 Rd7 15.
Nd2 Rad8 16. Bg3 h6 17. Bf3 a5 18. Na4 Qa7 19. Rbc1 Nb8 20. Bxb7 Qxb7 21. f3
Qc6 22. Nf1 Rb7 23. Be1 Qa6 24. b3 Nc6 25. Bg3 Rbd7 26. Kh1 Na7 27. Nd2 Nc8 28.
Nb1 Nb6 29. Nbc3 Nxa4 30. Nxa4 Qc6 31. Be1 Ra7 32. Nc3 Raa8 33. a4 Nd7 34. Nb5
Qb6 35. Bc3 Nb8 36. Qe4 Nc6 37. f4 Bf8 38. f5 exf5 39. Qxf5 Nb4 40. Rd2 Qc6 41.
Rf1 Qd7 42. Qf3 Rac8 43. Nxd6 Bxd6 44. Rxd6 Qe7 45. Rxh6 gxh6 46. Bf6 Qd6 47.
Qg4+ Kf8 48. Qg7+ Ke8 49. Bxd8 Qg6 50. Qh8+ Kd7 51. Rd1+ Nd3 52. Qc3 1-0

[Event "España tch 1A 2011"]
[Site "Sabadell ESP"]
[Date "2011.09.02"]
[Round "5.3"]
[White "Hernando Pertierra, Jose C"]
[Black "Llanes Hurtado, Miguel"]
[Result "1/2-1/2"]
[WhiteElo "2397"]
[BlackElo "2484"]
[PlyCount "61"]
[EventDate "2011.08.29"]
[EventType "team"]
[EventRounds "5"]
[EventCountry "ESP"]
[Source "lmi"]
[SourceDate "2011.08.29"]
[WhiteTeam "EQUIGOMA - CASA SOCIAL CATOLICA"]
[BlackTeam "MERIDA PATRIMONIO - AJOBLANCO"]

1. Nf3 Nf6 2. c4 g6 3. b3 Bg7 4. Bb2 O-O 5. g3 b6 6. Bg2 Bb7 7. O-O c5 8. Nc3
Na6 9. d3 d5 10. cxd5 Nxd5 11. Nxd5 Qxd5 12. Bxg7 Kxg7 13. d4 Rfd8 14. dxc5
Nxc5 15. Qxd5 Bxd5 16. Rfd1 Kf6 17. Nd4 Bxg2 18. Kxg2 a5 19. Rac1 Rd5 20. Nb5
Rad8 21. Rxd5 Rxd5 22. Rc2 e6 23. f3 a4 24. Nc3 Rd4 25. Nxa4 Nxa4 26. bxa4 Rxa4
27. Rb2 Ra6 28. f4 e5 29. Kf3 exf4 30. gxf4 Ke6 31. Ke4 1/2-1/2

[Event "España tch 1A 2011"]
[Site "Sabadell ESP"]
[Date "2011.09.02"]
[Round "5.4"]
[White "Zarzo Lopez, Tomas"]
[Black "Gonzalez De La Nava, Amador"]
[Result "1-0"]
[WhiteElo "2297"]
[BlackElo "2297"]
[PlyCount "109"]
[EventDate "2011.08.29"]
[EventType "team"]
[EventRounds "5"]
[EventCountry "ESP"]
[Source "lmi"]
[SourceDate "2011.08.29"]
[WhiteTeam "MERIDA PATRIMONIO - AJOBLANCO"]
[BlackTeam "EQUIGOMA - CASA SOCIAL CATOLICA"]

1. d4 Nf6 2. Nf3 e6 3. c4 d5 4. g3 c5 5. cxd5 Nxd5 6. Bg2 Nc6 7. O-O Be7 8. Nc3
O-O 9. Nxd5 exd5 10. Be3 c4 11. Ne5 Na5 12. Qa4 f6 13. Bd2 fxe5 14. Bxa5 b6 15.
Qc6 Rb8 16. Qxd5+ Qxd5 17. Bxd5+ Kh8 18. Bc3 Bg4 19. Bxc4 b5 20. Bd3 b4 21. Bd2
exd4 22. Rac1 a5 23. Bf4 Rb7 24. Rc7 Rxc7 25. Bxc7 a4 26. Rc1 Be6 27. Bb1 a3
28. b3 Bg5 29. f4 Be7 30. Be5 Rd8 31. Bd3 Kg8 32. Kf2 g6 33. Ke1 Kf8 34. Kd2
Bd6 35. Bxd6+ Rxd6 36. Rc7 Rd7 37. Rc6 Ke7 38. Bc4 Bf5 39. Rb6 Bb1 40. Rxb4 Ra7
41. Ra4 Rxa4 42. bxa4 Kd6 43. e3 Kc5 44. Bb3 dxe3+ 45. Kxe3 Bf5 46. Bg8 Kb4 47.
Kd4 h6 48. h4 h5 49. a5 Kxa5 50. Kc4 Bb1 51. Kb3 Kb5 52. Kxa3 Kc5 53. Kb2 Be4
54. Bb3 Bc6 55. Kc3 1-0

[Event "España tch 1A 2011"]
[Site "Sabadell ESP"]
[Date "2011.09.02"]
[Round "5.1"]
[White "Genov, Petar"]
[Black "Moskalenko, Viktor"]
[Result "1-0"]
[WhiteElo "2428"]
[BlackElo "2591"]
[PlyCount "67"]
[EventDate "2011.08.29"]
[EventType "team"]
[EventRounds "5"]
[EventCountry "ESP"]
[Source "lmi"]
[SourceDate "2011.08.29"]
[WhiteTeam "CLUB AJEDREZ DE SILLA"]
[BlackTeam "ESCOLA D,ESCACS DE BARCELONA"]

1. d4 Nf6 2. Nf3 g6 3. g3 Bg7 4. Bg2 O-O 5. O-O d6 6. c4 Nbd7 7. Nc3 e5 8. h3
c6 9. e4 Qb6 10. d5 cxd5 11. cxd5 Nc5 12. Qe2 Bd7 13. Be3 Rfc8 14. Rab1 Qa6 15.
Qxa6 bxa6 16. Nd2 Nd3 17. Rfd1 Nxb2 18. Rxb2 Rxc3 19. Bf1 Bb5 20. Bxb5 axb5 21.
Rxb5 Nd7 22. g4 Bf6 23. Rdb1 Nb6 24. Ra5 Nc4 25. Nxc4 Rxc4 26. Ra6 Be7 27. Rb7
Bf8 28. Rbxa7 Rxa7 29. Rxa7 Rxe4 30. g5 Rh4 31. a4 h6 32. Ra8 f5 33. gxf6 Kf7
34. a5 1-0

[Event "España tch 1A 2011"]
[Site "Sabadell ESP"]
[Date "2011.09.02"]
[Round "5.2"]
[White "Oms Pallisse, Josep"]
[Black "Martinez Villar, Jesus"]
[Result "1-0"]
[WhiteElo "2489"]
[BlackElo "2096"]
[PlyCount "47"]
[EventDate "2011.08.29"]
[EventType "team"]
[EventRounds "5"]
[EventCountry "ESP"]
[Source "lmi"]
[SourceDate "2011.08.29"]
[WhiteTeam "ESCOLA D,ESCACS DE BARCELONA"]
[BlackTeam "CLUB AJEDREZ DE SILLA"]

1. d4 Nf6 2. c4 e6 3. Nc3 c5 4. d5 exd5 5. cxd5 Bd6 6. Bg5 O-O 7. Nf3 Re8 8. e3
a6 9. a4 Bc7 10. d6 Ba5 11. Bd3 h6 12. Bh4 b6 13. O-O Bxc3 14. bxc3 Bb7 15. Nd2
Re6 16. Bg3 Qc8 17. Re1 Qc6 18. e4 b5 19. Rb1 c4 20. Bc2 Qc5 21. e5 Nd5 22. Ne4
Qa3 23. Qd4 b4 24. Qxc4 1-0

[Event "España tch 1A 2011"]
[Site "Sabadell ESP"]
[Date "2011.09.02"]
[Round "5.3"]
[White "Penades Ordaz, Victor"]
[Black "Cruz, Cristhian"]
[Result "0-1"]
[WhiteElo "2086"]
[BlackElo "2470"]
[PlyCount "72"]
[EventDate "2011.08.29"]
[EventType "team"]
[EventRounds "5"]
[EventCountry "ESP"]
[Source "lmi"]
[SourceDate "2011.08.29"]
[WhiteTeam "CLUB AJEDREZ DE SILLA"]
[BlackTeam "ESCOLA D,ESCACS DE BARCELONA"]

1. e4 c5 2. Nf3 d6 3. d4 Nf6 4. c4 cxd4 5. Nxd4 a6 6. Nc3 e6 7. f3 b6 8. Be3
Bb7 9. Be2 Nbd7 10. O-O Be7 11. Rb1 O-O 12. b4 Rc8 13. Qb3 Re8 14. Bf2 Bf8 15.
Rfc1 g6 16. Bf1 g5 17. Kh1 g4 18. a4 Kh8 19. a5 bxa5 20. bxa5 Ba8 21. Qa2 gxf3
22. gxf3 Bh6 23. Re1 Rg8 24. Rb6 Nxb6 25. axb6 Rb8 26. Qxa6 Rxb6 27. Qa7 Rb7
28. Qa2 Nh5 29. Ncb5 Bf4 30. Bh3 Rb8 31. Qa3 Be5 32. c5 Qf6 33. Nxd6 Qf4 34.
Nxf7+ Qxf7 35. Nxe6 Nf4 36. Bg3 Rxg3 0-1

[Event "España tch 1A 2011"]
[Site "Sabadell ESP"]
[Date "2011.09.02"]
[Round "5.4"]
[White "Gual Pascual, Antonio"]
[Black "Leon Colan, Carlos Edmundo"]
[Result "1-0"]
[WhiteElo "2436"]
[BlackElo "1981"]
[PlyCount "100"]
[EventDate "2011.08.29"]
[EventType "team"]
[EventRounds "5"]
[EventCountry "ESP"]
[Source "lmi"]
[SourceDate "2011.08.29"]
[WhiteTeam "ESCOLA D,ESCACS DE BARCELONA"]
[BlackTeam "CLUB AJEDREZ DE SILLA"]

1. d4 d5 2. c4 e6 3. Nc3 Nf6 4. cxd5 exd5 5. Bg5 c6 6. e3 Bf5 7. Qb3 Qb6 8.
Bxf6 Qxb3 9. axb3 gxf6 10. Nf3 Bb4 11. Be2 Nd7 12. O-O Rg8 13. Rfc1 a6 14. Nh4
Be6 15. Bd3 h6 16. Ne2 Bd6 17. Ng3 Bxg3 18. hxg3 O-O-O 19. b4 Kb8 20. Kf1 Nf8
21. Ke2 Rg5 22. Rh1 h5 23. Kd2 Bg4 24. Ke1 Re8 25. Kf1 Kc7 26. Re1 Kb6 27. Nf3
Bxf3 28. gxf3 Ne6 29. f4 Rg7 30. Rxh5 Nc7 31. Ke2 a5 32. bxa5+ Kxa5 33. Rh6 Kb4
34. Ra1 Rgg8 35. Ra7 Rb8 36. Rxf6 Rgf8 37. Kd2 Ne8 38. Rh6 f6 39. Rh1 Nd6 40.
Rha1 b5 41. R7a6 Rfc8 42. R1a3 Rf8 43. Ra1 Nc4+ 44. Kc2 Nd6 45. Kd2 Rh8 46.
Rxc6 Nc4+ 47. Kc2 Rhc8 48. Raa6 Rh8 49. b3 Na3+ 50. Kb2 Rh2 1-0